| 000 | 00365nam a2200157Ia 4500 | ||
|---|---|---|---|
| 008 | 241014s9999||||xx |||||||||||||| ||und|| | ||
| 020 | _a0070570450 | ||
| 060 | _aHD 31 S 1973 | ||
| 100 | _aShore, Barry | ||
| 245 | 0 | _aOperation Management | |
| 250 | _a1973 | ||
| 260 |
_aNew York _bMC Graw- Hill |
||
| 300 | _a550 | ||
| 650 | _aManagement | ||
| 942 |
_bIBHM _cBK |
||
| 999 |
_c16391 _d16391 |
||